عرض عادي عرض مارك
  • Adventure fiction.

مدخل تقسيم شكلي

عدد التسجيلات المستخدمة في: 4

001 - رقم الضبط

  • حقل الضبط: 8002

003 - معرف رقم الضبط

  • حقل الضبط: OSt

005 - تاريخ ووقت أخر عملية

  • حقل الضبط: 20111213130241.0

008 - عناصر بيانات ثابتة الطول

  • حقل تحكم ثابت الطول: 111213|||a|||||| | ||| d

040 ## - مصدر الفهرسة

  • هيئة الفهرسة الأصلية: OSt
  • وكالة الكتابة: OSt

155 ## - الراس-نوع ادبي/مصطلح شكلي

  • النوع الادبي/المصطلح الشكلي: Adventure fiction.

670 ## - بيانات المصدر موجوده

  • الاستشهاد بالمصدر: Work cat.: (OSt)0: Defoe, Daniel, 1661?-1731. 7992, Moll Flanders /, 2011.